000 00488caa a22001812a 4500
001 000957
003 AR-FADEU
008 311216n############xxu####################dd
092 _aPP(302)VOC
100 _aMedina, Sinval
245 _bEl dilema dela privatización-estatización : "impase" histórico de la radio española y brasileña
245 _aVoces y cultura
300 _a43-59
440 _n2/3
260 _cjun. 1991
650 _aRADIO-PRIVATIZACION
942 _cPPGR
999 _c3735
_d3735